000 06282nab a2200325 i 4500
003 BR-BrBNA
005 20250219130232.0
008 250219b2021 bl.qr|pooa||| 00| 0 por |
040 _aBR-BrBNA
_bpor
072 _aK10
100 _aMissio, Francieli de Fátima
100 _aLonghi, Solon Jonas
100 _aGazzola, Matheus Degrandi
100 _aScheuer, Marina
100 _aPinto, Rodrigo da Silva
100 _aLerner, Lutero
100 _aCassol, Diego Cella
100 _aOrso, Gabriel Angostini
100 _aStangarlin, Mauricio
245 _aCaracterização florística e estrutural da vegetação arbórea em um trecho de Floresta Estacional Decidual, RS, Brasil
500 _aPublicação on-line; 40 ref.; 2 tables; 6 illus.; Summaries (En, Pt)
520 _a RESUMO O objetivo do estudo foi avaliar a composição florística e estrutural em um trecho de floresta secundária, no município de Dona Francisca - RS. Foram instaladas 50 parcelas permanentes de dimensão 10 x 20 m, de modo sistemático, distanciadas 10 m entre si e 40 m entre faixas, totalizando 1 ha. Foram amostrados todos os indivíduos que apresentassem CAP ≥ 15,7 cm e calculado os estimadores fitossociológicos. Foi realizada a curva de acumulação de espécie para verificar a suficiência amostral. Para o cálculo de diversidade e dominância, utilizou-se o Índice de Shannon (H’) e Equabilidade de Pielou (J’). Para a riqueza potencial utilizaram-se os estimadores não paramétricos Jackknife. Avaliou-se a composição florística e estrutural por meio da Análise de Correspondência Distendida (DCA). Verificou-se, também, a distribuição diamétrica e hipsométrica da comunidade arbórea, e para as espécies, com valor de importância acima de 5 %, a distribuição em classes de DAP. As análises estatísticas foram realizadas no programa R. Foram identificadas 65 espécies arbóreas e arbustivas com 2.045 indivíduos distribuídas em 31 famílias botânicas. As espécies com valor de importância acima de 5% foram Casearia sylvestris (14,04%), Nectandra lanceolata (12,86 %), Cupania vernalis (9,57 %), Guarea macrophylla (7,29 %) e Ocotea puberula (5,07 %). Os valores para a diversidade e dominância foram, respectivamente, de 2,91 nats. ind-1 e 0,69, indicando que a área possui baixa diversidade e dominância de poucas espécies. Pela DCA é possível verificar que as parcelas estão distribuídas homogeneamente no trecho florestal. A distribuição diamétrica representou o esperado para a comunidade arbórea com tendência ao J-invertido e a maioria das árvores apresentou altura concentrada no estrato intermediário da floresta. Das cinco espécies analisadas, apenas Nectandra lanceolata e Ocotea puberula não apresentaram curva exponencial negativa. Foi possível observar que há um predomínio de indivíduos nas primeiras classes de DAP e altura, o que caracteriza a resiliência da área após distúrbio. Ainda, indica as flutuações e estabilidade das espécies, na sucessão ecológica, de uma floresta em estágio intermediário de regeneração. Palavras-chave: Estimadores fitossociológicos; Sucessão secundária; Método de Spiegel ABSTRACT The objective of the study was to evaluate the floristic and structural composition of an area located in a section of secondary Forest, in the municipality of Dona Francisca, RS state. To do so, 50 permanent plots with a dimension of 10 x 20 m (200 m²) were installed in a systematic way, 10 m apart and 40 m between tracks, totaling 1 ha. All individuals with CAP ≥ 15.7 cm were identified and sampled and the phytosociological estimators were calculated. The species accumulation curve was used to verify the sample adequacy. For the calculation of diversity and dominance estimators, the Shannon Index (H ‘) and Pielou Equability (J’) were used. Subsequently, the floristic and structural composition was evaluated through the Distributed Correspondence Analysis (DCA). It was also verified the diameter and histopic distribution of the tree community, and for the species, with importance value above 5%, the distribution in classes of DAP. Statistical analyzes were performed in the R program. 65 tree and shrub species were identified with 2,045 individuals distributed in 31 botanical families. The species with a value of importance above 5% were Casearia sylvestris (14, 04 %), Nectandra lanceolata (12, 86 %), Cupania vernalis (9, 57 %), Guarea macrophylla (7,29 %) and Ocotea puberula (5.07 %). The values for diversity and dominance were, respectively, 2.91 nats.ind-1 and 0.69, indicating that the area has low diversity and dominance of few species and that by DCA it is possible to verify that the plots are homogeneously distributed in the forest. The diameter distribution represented the expected behavior for the arboreal community with J-inverted tendency and the majority of the trees presented height concentrated in the middle stratum of the forest. Only Nectandra lanceolata and Ocotea puberula did not present negative exponential curve from the five species analyzed. It was possible to observe the mosaic of tree species distributed in the forest section. In addition, there is a predominance of individuals in the first classes of DBH and height, which characterizes the resilience of the area after the disturbance and its capacity for natural recovery. It also indicates the fluctuations and stability of species in ecological succession of a forest in an intermediate stage of regeneration. Keywords: Phytosociological estimators; Secondary vegetation; Spiegel method
650 _aCULTIVO CONTÍNUO
650 _aMÉTODO ESTATÍSTICO
650 _aCOMPOSIÇÃO BOTÂNICA
773 0 _04065
_9348518
_dSanta Maria-RS Universidade Federal de Santa Maria - Centro de Pesquisas Florestais.Departamento de Ciências Florestais. Programa de Pós-Graduação em Engenharia Florestal 1991
_o2025-1011
_tCiência Florestal (Brazil)
_x0103-9954; 1980-5098 (on-line)
_gv. 31(3) p. 1124-1146; (Jul-Sep 2021)
_wBR2023001880
856 _uhttps://www.scielo.br/j/cflo/a/P93Xcmz3TLpJvKg3sLPf5nR/?format=pdf&lang=pt
942 _cANA
999 _c330045
_d330045